| 000 | 005300000a22001810004500 | ||
|---|---|---|---|
| 003 | MACL | ||
| 005 | 20160331163048.0 | ||
| 008 | 160331b xxu||||| |||| 00| 0 eng d | ||
| 040 |
_aMACL _cMACL |
||
| 041 | _aHindi | ||
| 082 | _a330 | ||
| 100 |
_aफ्रेडरिख एंगेल्स _949414 |
||
| 245 | _aआवास का प्रश्न | ||
| 260 |
_bप्रकाशन संस्थान _c2004 _aदिल्ली |
||
| 350 | _a125 | ||
| 650 |
_aEconomics _949415 |
||
| 942 |
_cHIN _k330 _2ddc |
||
| 999 |
_c12767 _d12767 |
||